Don Quijote de La Mancha
Đã lưu trong:
| Tác giả chính: | |
|---|---|
| Định dạng: | Sách |
| Ngôn ngữ: | Tiếng Tây Ban Nha |
| Được phát hành: |
Madrid
Cátedra
1981
|
| Phiên bản: | 3a. ed |
| Loạt: | Letras Hispánicas
|
| Những chủ đề: | |
| Các nhãn: |
Thêm thẻ
Không có thẻ, Là người đầu tiên thẻ bản ghi này!
|
MARC
| LEADER | 00000nam a2200000 a 4500 | ||
|---|---|---|---|
| 001 | UCK8079 | ||
| 003 | CL-VaPUC | ||
| 008 | 060113e19810000SP |||||||||||||||||spa|d | ||
| 020 | |a 8437601169 | ||
| 020 | |a 8437601185v.2 | ||
| 082 | 0 | 4 | |a 863 |b CER |2 21 |
| 100 | |a Cervantes y Saavedra, Miguel de |e author |9 267947 | ||
| 245 | 1 | 0 | |a Don Quijote de La Mancha |
| 250 | |a 3a. ed | ||
| 300 | |a v | ||
| 942 | |c BK | ||
| 945 | |d 20060113 00:00:00 |a cmena | ||
| 260 | |a Madrid |b Cátedra |c 1981 | ||
| 650 | 0 | |a Novelas españolas |9 265052 | |
| 650 | 0 | |a Literatura española |9 306261 | |
| 583 | |a last modification |c 20060113 00:00:00 |k Rodrigo Vera | ||
| 490 | 0 | |a Letras Hispánicas | |
| 999 | |c 315903 |d 315901 | ||
| 952 | |0 0 |1 0 |4 0 |6 863_000000000000000_CER_1981 |7 0 |8 A |9 389763 |a BIBART |b BIBART |d 2019-11-22 |h v.2 |i 4202856 |o 863 CER 1981 |p 4202856 |r 2025-03-13 |w 2019-11-22 |y BK |k ART | ||